Muslim chhattraye evam shaikshik suvidhaye (Record no. 2096)

MARC details
000 -LEADER
fixed length control field 00637nam a2200193Ia 4500
020 ## - INTERNATIONAL STANDARD BOOK NUMBER
ISBN 81-7054-230-6
082 ## - DEWEY DECIMAL CLASSIFICATION NUMBER
Classification number 371.822 AVA-;
100 ## - MAIN ENTRY--AUTHOR NAME
Personal name Avasthi, Surya Kiran
245 #0 - TITLE STATEMENT
Title Muslim chhattraye evam shaikshik suvidhaye
260 ## - PUBLICATION, DISTRIBUTION, ETC. (IMPRINT)
Place of publication New Delhi
Name of publisher Classical Publishing
Year of publication 1996
300 ## - PHYSICAL DESCRIPTION
Number of Pages vi, 231p.
504 ## - BIBLIOGRAPHY, ETC. NOTE
Bibliography, etc includes bibliography and appendices
650 ## - SUBJECT ADDED ENTRY--TOPICAL TERM
Topical Term Muslim girls - Bhopal (Madhya Pradesh)
650 ## - SUBJECT ADDED ENTRY--TOPICAL TERM
Topical Term School facilities - Bhopal (Madhya Pradesh)
650 ## - SUBJECT ADDED ENTRY--TOPICAL TERM
Topical Term Islamic education - Bhopal (Madhya Pradesh)
650 ## - SUBJECT ADDED ENTRY--TOPICAL TERM
Topical Term Educational facilities
650 ## - SUBJECT ADDED ENTRY--TOPICAL TERM
Topical Term Education and state - Bhopal (Madhya Pradesh)
942 ## - ADDED ENTRY ELEMENTS (KOHA)
Koha item type Books
Holdings
Withdrawn status Lost status Damaged status Not for loan Collection code Home library Current library Date acquired Bill Date Full call number Accession Number Price effective from Koha item type Public note
        हिंदी पुस्तकों पर विशेष संग्रह NASSDOC Library NASSDOC Library 08/10/2004 2008-12-30 371.822 AVA-; 36173 18/04/2019 Books हिंदी पुस्तकों पर विशेष संग्रह